[Event "1st Longtou Cup Belt and Road"]
[Site "Qinhuangdao"]
[Date "2018.06.02"]
[Round "7"]
[White "Stupak, Kirill"]
[Black "Tabatabaei, M.amin"]
[Result "0-1"]
[WhiteElo "2556"]
[BlackElo "2587"]
[Annotator "TA"]
[PlyCount "76"]
[EventDate "2018.??.??"]
[EventCountry "CHN"]
[SourceTitle "playchess.com"]
[Source "ChessBase"]
[SourceQuality "1"]

{[%evp 12,76,39,36,29,13,12,12,31,22,38,38,46,37,39,24,23,22,0,12,25,10,3,-25,-22,-10,-11,-38,-10,-29,-44,-36,-47,-59,-45,-58,-4,-4,0,-17,0,0,0,0,0,-7,0,-6,0,0,0,-15,0,0,0,-4,-16,-559,-567,-558,-546,-498,-347,-1950,-1873,-29988,-29989]} 1. Nf3 g6 2. g3 Bg7 3. d4 c5 4. c3 b6 5. dxc5 bxc5 6. Qd5 {A40: Unusual replies to 1 d4} Nc6 7. Qxc5 {LiveBook: 5 Games} Bb7 $146 ({Predecessor:} 7... Nf6 8. Bg2 Ba6 9. Nd4 Nxd4 10. Qxd4 O-O 11. Qd1 Rb8 12. O-O Bb7 13. Bxb7 Rxb7 {½-½ (28) Korpa,B (2502)-Andreikin,D (2712) Karlsruhe 2018}) 8. Nbd2 {White has an edge.} Nf6 9. Bg2 O-O 10. O-O a5 11. Ne5 Rc8 12. Qb5 {Strongly threatening Nxf7.} Rb8 13. Nxc6 (13. Nef3 {looks sharper.} d6 14. Nb3 Qc7 15. Qa4 Ba6 16. Re1) 13... Bxc6 14. Qd3 Bxg2 15. Kxg2 d5 16. Nf3 Re8 17. Qc2 Qb6 18. Rb1 e5 19. Rd1 Ng4 {[%mdl 1024] Black has compensation.} 20. Rf1 Qc6 21. h3 Nf6 22. Rd1 d4 23. Bd2 Nd5 (23... Ne4 $15) 24. Rbc1 $11 Qb7 {next ...e4 is good for Black.} 25. Be1 {[%cal Rc3d4]} Bh6 26. Rb1 Qc6 {...Nb4! is the strong threat.} 27. a4 Rb6 28. Kg1 {[#]} Nb4 $1 $36 {[%mdl 2560] White is under pressure.} 29. Qb3 (29. cxb4 Qxc2) 29... Na6 30. Qa2 d3 $1 {[%cal Rd3e2]} 31. b4 axb4 $1 32. cxb4 e4 33. Nd4 Qd7 34. e3 $2 {[%mdl 8192]} (34. b5 $1 $11 {and White has nothing to worry.}) 34... Qxh3 $19 35. Qd5 Rf6 36. Bd2 Nc7 37. Qb7 $2 (37. Qa5 Ne6 38. Qe5 Nxd4 39. Qxe8+ Bf8 40. exd4 Rxf2 41. Kxf2 Qh2+ 42. Kf1 (42. Ke3 {is a self mate.} Qe2+ 43. Kf4 Qf3+ 44. Kg5 f6+ 45. Kh4 Qh5#) 42... Qh3+ 43. Kg1 Qxg3+ 44. Kh1 (44. Kf1 Qf3+ 45. Kg1 Qg4+ 46. Kh2 Qh5+ 47. Kg3 Qf3+ 48. Kh4 Qh5+ 49. Kg3 Qf3+ 50. Kh4 Qh5+ 51. Kg3 $11) 44... Qh3+ 45. Kg1 Qg4+ 46. Kh2) 37... Re5 {[#] ( -> ...Rh5)} 38. Rdc1 Rh5 {Precision: White = 43%, Black = 70%.} ({And not} 38... Ne8 39. Qc8 $14) 0-1

[Event "1st Longtou Cup Belt and Road"]
[Site "Qinhuangdao"]
[Date "2018.06.02"]
[Round "7"]
[White "Mosadeghpour, Masoud"]
[Black "Xu, Yinglun"]
[Result "1/2-1/2"]
[WhiteElo "2535"]
[BlackElo "2539"]
[Annotator "TA"]
[PlyCount "72"]
[EventDate "2018.??.??"]
[EventCountry "CHN"]
[SourceTitle "playchess.com"]
[Source "ChessBase"]
[SourceQuality "1"]

{[%evp 44,72,0,0,0,0,0,0,0,0,0,0,9,0,0,0,0,0,0,0,0,0,0,0,0,0,0,0,0,0,0]} 1. e4 e6 2. d4 d5 3. Nd2 c5 4. exd5 Qxd5 5. Ngf3 {[%cal Bg1f3,Bf3d4,Bd4f5][%mdl 32]} cxd4 6. Bc4 Qd6 7. O-O Nf6 8. Nb3 Nc6 9. Nbxd4 Nxd4 10. Nxd4 a6 11. Re1 Qc7 12. Bb3 Bd6 13. Nf5 Bxh2+ 14. Kh1 O-O 15. Nxg7 Rd8 16. Qf3 Kxg7 17. Bh6+ Kg6 18. c3 Nh5 19. Be3 {C07: French Tarrasch: 3...c5, 4 Ngf3 and 4 exd5 Qxd5} f5 20. g4 (20. Rad1 Rxd1 21. Bxd1 Nf6 22. g3 Bd7 23. Kxh2 Bc6 24. Qe2 Re8 25. Qc4 Ne4 26. Bf3 b5 {½-½ (42) Pichot,A (2552)-Le,Q (2737) Caleta 2018}) 20... Nf6 {[%cal Bh5f6,Bf6g4,Bg4f2][%mdl 32]} 21. gxf5+ exf5 22. Qg2+ Ng4 23. f3 {LiveBook: 7 Games. The position is equal.} b5 24. Bc2 $1 ({Wrong is} 24. fxg4 $2 Bb7 $19) 24... Kf6 25. Bd4+ $1 {[#]} Rxd4 $1 26. cxd4 Bb7 27. Bxf5 $1 {[#]} Nf2+ $146 {[%mdl 512]} 28. Qxf2 Qf4 29. Bh3 $1 Bg3 30. Re6+ Kg7 31. Qe3 $1 Bxf3+ 32. Kg1 {[%cal Bh1g1,Bg1f1,Bf1g2][%mdl 32]} Bh2+ 33. Kf1 {Hoping for Qxf4.} Bg4+ 34. Kg2 Bxe6 35. Qxf4 Bxf4 36. Bxe6 Rf8 1/2-1/2

[Event "1st Longtou Cup Belt and Road"]
[Site "Qinhuangdao"]
[Date "2018.06.02"]
[Round "7"]
[White "Liu, Yan"]
[Black "Zhao, Yuanhe"]
[Result "1/2-1/2"]
[WhiteElo "2474"]
[BlackElo "2377"]
[Annotator "TA"]
[PlyCount "223"]
[EventDate "2018.??.??"]
[EventCountry "CHN"]
[SourceTitle "playchess.com"]
[Source "ChessBase"]
[SourceQuality "1"]

{[%evp 22,223,16,8,18,11,83,76,73,62,77,74,78,68,68,45,44,57,62,70,66,66,62,62,70,69,108,87,83,88,126,135,196,196,290,218,217,142,214,215,203,204,202,168,245,258,294,287,278,144,147,75,62,17,17,17,17,17,17,14,14,14,17,17,17,17,17,14,14,14,14,14,14,14,14,14,14,14,24,24,62,54,79,74,79,63,79,50,50,41,47,0,79,79,80,80,80,80,93,24,24,17,24,24,24,0,24,0,0,0,24,0,0,0,17,17,24,17,24,0,0,0,24,0,0,0,42,31,31,31,31,31,40,31,33,0,17,17,17,17,17,17,17,17,17,0,0,0,17,0,17,17,17,17,17,17,17,0,0,0,17,0,0,0,0,0,17,0,17,17,17,0,17,17,17,0,17,0,17,0,17,0,0,0,0,0,0,0,17,17,17,0,17,0,0,0,0,0,0,0,0,0,0,0]} 1. Nf3 Nf6 2. c4 g6 3. b3 Bg7 4. Bb2 O-O 5. g3 c5 6. Bg2 Nc6 7. O-O d6 8. d4 cxd4 9. Nxd4 Bd7 10. e3 Qa5 11. Nc3 Rfc8 12. h3 {LiveBook: 22 Games} Nxd4 $146 {E60: King's Indian: Unusual lines and Fianchetto Variation without Nc3} ({Predecessor:} 12... Rab8 13. Nde2 a6 14. a4 Nb4 15. Qd2 Qd8 16. Nf4 Bc6 17. e4 a5 18. Ncd5 e6 19. Nxb4 axb4 20. Rfe1 {½-½ (72) Sargissian,G (2672)-Guseinov,G (2646) Riadh 2017}) 13. exd4 {[%cal Be3d4,Bd4d5][%mdl 32]} Bc6 (13... Rab8 $11 {keeps the balance.}) 14. d5 $16 Be8 {White is better.} 15. Qe2 Rc7 16. Rfc1 a6 17. a4 Rac8 18. Ra3 Qc5 19. a5 b6 20. Na4 Bxa4 $1 21. Rxa4 bxa5 22. Bc3 Qb6 23. Rb1 Rc5 24. Qe1 Nd7 25. Bxa5 Qb7 26. Qxe7 {aiming for Rb4.} Be5 (26... Rxc4 $16 27. Rxc4 Rxc4) 27. Bb4 $18 R8c7 (27... Rb8 {was necessary.} 28. Bxc5 Nxc5 29. Qxb7 Rxb7) 28. Bxc5 Nxc5 {[#]} 29. Qd8+ $1 Kg7 {[#]} 30. Ra2 $1 Qb6 31. Kh2 Bf6 32. Qe8 Re7 (32... Qb4 $142 33. h4 a5) 33. Qc6 Qb8 34. b4 Be5 {intending ...Rc7.} 35. Ra5 (35. Ra3 $18) 35... Rb7 $16 36. Rxc5 (36. bxc5 $6 Rxb1 37. Ra3 (37. Qxa6 Qb4 $11) (37. Rxa6 Qb2 $11) 37... Qb2 $11) (36. f4 $142 Bc3 37. Rxc5 (37. bxc5 Rxb1 38. Rxa6 Bd4 $11) 37... dxc5 38. b5 (38. Qxa6 Rxb4 39. Rxb4 cxb4 $14)) 36... dxc5 37. Qxc5 Rc7 38. Qe3 Rxc4 39. Qe2 Rd4 40. f4 Bf6 41. b5 {Hoping for b6.} axb5 42. Rxb5 Qd6 43. Rb7 {Black should prevent Qe6.} Rb4 44. Ra7 Qc5 45. Ra2 Rb1 {[%csl Gb1][%cal Rc5g1]} 46. h4 $36 {[%mdl 2048] White is pushing.} h5 47. Rc2 Qg1+ 48. Kh3 Rb3 49. Qf2 Qd1 {...Bxh4! is the strong threat.} 50. Rd2 Qg4+ 51. Kh2 Qd7 52. d6 Bc3 53. Rd1 Rb2 54. Qc5 Bf6 $1 55. Qd5 Qg4 56. Rd2 {Strongly threatening Rxb2.} Rxd2 (56... Bxh4 $1 $11 57. Rxb2 Qxg3+ 58. Kh1 (58. Kg1 Qe3+ 59. Kh1 Qc1+ 60. Bf1 Qxb2 $15) 58... Qe1+ 59. Bf1 (59. Kh2 Bg3+ 60. Kh3 Bxf4 $17) 59... Qxf1+ 60. Kh2 Qxf4+ 61. Kg2 Qg4+ 62. Kf1 Qh3+ 63. Rg2 Qh1+ 64. Ke2 Qe1+ 65. Kd3 Bd8) 57. Qxd2 Qd7 58. Bh3 Qc6 59. d7 Qc7 60. Qe2 ({White should try} 60. Bg2 $16) 60... Qd6 $11 61. Qc2 Be7 62. Qb2+ Bf6 63. Qe2 Kh7 64. Qe8 Kg7 65. Qe3 Bd4 66. Qf3 Bf6 67. Qb7 Qd2+ 68. Bg2 Qd1 69. Qc6 Bd4 70. Bf3 Qd2+ 71. Bg2 Qd1 72. Bf3 Qd2+ 73. Kh3 Bf6 (73... Bg1 $5 74. Bg2 $8 Qe2 75. Qc3+ Kh7 $11) 74. Bd5 Qd4 75. Qa8 Bd8 $1 76. Qa2 Qd1 77. Qb2+ Kh7 78. Qb7 Kg7 {The position is equal.} 79. Bf3 Qf1+ 80. Bg2 Qd3 81. Kh2 Bf6 82. Qc6 Bd8 83. Bf3 Qd2+ 84. Kh3 Qd3 85. Qb7 Qf1+ 86. Kh2 {Threatens to win with Qb2+.} Qf2+ 87. Bg2 ({Don't take} 87. Kh3 $6 Qf1+ $16) 87... Qd2 88. Qc8 Bf6 89. Qc7 Qd3 90. Qc6 Bd8 91. Qa4 Bf6 92. Qa7 Bd8 93. Qb7 Bf6 94. Bf3 Qd2+ 95. Kh3 Qd3 96. Qc6 Qf1+ 97. Bg2 Qd3 98. Bd5 {And now Qxf6+! would win.} Qf1+ 99. Bg2 Qd3 100. Kh2 Bd8 101. Qc8 Bf6 102. Qe8 Qd2 103. Qc8 Qd3 104. Qc7 Qd2 105. Qc6 Qd3 106. Qb7 Bd8 107. Bf3 Bf6 108. Qc6 Bd8 109. Bd5 Qe2+ 110. Bg2 {Black must now prevent Qa8.} Qd3 111. Bd5 Qd4 112. Qa8 {Precision: White = 50%, Black = 62%.} 1/2-1/2

[Event "1st Longtou Cup Belt and Road"]
[Site "Qinhuangdao"]
[Date "2018.06.02"]
[Round "7"]
[White "Mohr, Georg"]
[Black "Zhang, Ziji"]
[Result "0-1"]
[WhiteElo "2469"]
[BlackElo "2361"]
[Annotator "TA"]
[PlyCount "83"]
[EventDate "2018.??.??"]
[EventCountry "CHN"]
[SourceTitle "playchess.com"]
[Source "ChessBase"]
[SourceQuality "1"]

{[%evp 30,83,-3,-36,0,0,0,-46,-66,-114,-113,-209,-207,-211,-209,-228,-213,-214,-179,-252,-169,-170,-152,-140,-88,-125,-88,-152,-154,-367,-300,-310,-300,-319,-327,-293,-316,-299,-304,-404,-396,-402,-388,-348,-272,-449,-447,-512,-330,-838,-393,-29992,-29993,-29993,-29994,-29999]} 1. e4 c5 2. Nf3 Nc6 3. d4 cxd4 4. Nxd4 g6 5. Nb3 Bg7 6. Be2 Nf6 7. Nc3 O-O 8. O-O d6 9. Re1 a6 10. Bf1 b5 11. Nd5 Nd7 12. a4 {B70: Sizilianisch (Drachen-Variante)} b4 13. a5 Rb8 14. Ra2 e6 15. Ne3 Nf6 16. Nc4 {LiveBook: 7 Partien} d5 (16... Nxe4 $5 17. Rxe4 d5 $11) 17. exd5 Nxd5 {[#]} 18. Nc5 $146 ({Vorgänger:} 18. Ne3 Nce7 19. Nxd5 Nxd5 {½-½ (66) Kramnik,V (2810)-Mamedov,R (2684) Novi Sad 2016}) 18... Qc7 19. Bg5 Nd4 20. Na4 {[#]} (20. Nb3 $17 Nf5 21. Qc1) 20... Nxc2 $1 $19 {[%mdl 512]} 21. Qxc2 {Und weiter mit Dd2 wäre nett.} b3 22. Qb1 {zielt auf Ta3 ab.} bxa2 23. Qxa2 Bb7 24. Ncb6 (24. Nab6 $142) 24... Nxb6 25. Nxb6 Bd4 26. b4 Qc3 (26... Be5 $142 27. h3 Bh2+ 28. Kh1 Bf4) 27. Bd2 Qc6 28. Bf4 (28. Bg5 $142) 28... e5 $17 29. Rxe5 $2 (29. Bh6 $17) 29... Bxe5 30. Bxe5 Rbe8 31. Qb2 {[#]} Rxe5 $1 32. Qxe5 Re8 33. Qa1 Re4 34. f3 Rxb4 35. Qe5 Rb1 36. Kf2 Qe6 37. Qc3 $2 (37. Qxe6 {war erzwungen.} fxe6 38. Nc4) 37... Qd6 $19 38. Bd3 Qb4 39. Qe5 $2 (39. Qxb4 Rxb4 40. Ke3) 39... Qd2+ (39... Qh4+ $142 40. Ke3 Qe1+ 41. Kf4 Qd2+ 42. Kg3 Qxd3) 40. Be2 $2 (40. Qe2 $19 Qxe2+ 41. Bxe2) 40... Qe1+ 41. Ke3 Rb3+ 42. Kd4 {Precision: Weiß = 19%, Schwarz = 64%.} 0-1

[Event "1st Longtou Cup Belt and Road"]
[Site "Qinhuangdao"]
[Date "2018.06.02"]
[Round "7"]
[White "Li, Di"]
[Black "Zou, Chen"]
[Result "1-0"]
[WhiteElo "2452"]
[BlackElo "2361"]
[Annotator "TA"]
[PlyCount "115"]
[EventDate "2018.??.??"]
[EventCountry "CHN"]
[SourceTitle "playchess.com"]
[Source "ChessBase"]
[SourceQuality "1"]

{[%evp 26,115,18,8,14,12,18,-6,-6,-6,-6,-8,-5,-12,0,0,0,0,45,45,41,41,129,14,59,-2,0,0,0,0,0,0,0,0,0,0,0,0,0,0,14,0,12,-12,0,0,0,-8,54,-13,0,-14,29,-16,7,-25,0,0,39,39,74,28,106,87,147,147,204,206,210,208,185,208,295,283,337,332,458,282,285,282,273,288,260,238,461,452,770,755,1454,1719,1672,1642]} 1. d4 Nf6 2. Nf3 e6 3. g3 d5 4. Bg2 Be7 5. c4 O-O 6. Nc3 dxc4 7. Ne5 Nc6 8. Bxc6 bxc6 9. Nxc6 Qe8 10. Nxe7+ Qxe7 11. Qa4 c5 12. dxc5 {E06: Closed Catalan: Early deviations} Qxc5 13. Be3 Qc7 14. f3 {LiveBook: 5 Games. The position is equal.} (14. O-O Nd5 15. Bd4 Bd7 16. Qa3 a5 17. Rad1 Nb4 18. Bc5 Qxc5 19. Rxd7 Rab8 {½-½ (46) Svidler,P (2763)-Nakamura,H (2780) Palma de Mallorca 2017}) 14... Bd7 15. Qa3 Nd5 $146 ({Predecessor:} 15... Qb7 16. Rd1 Bc6 17. O-O a5 18. Rd2 Qb4 19. Bc5 Qxa3 20. Bxa3 {1-0 (49) Postny,E (2647)-Nakar,E (2435) Jerusalem 2015}) 16. Nxd5 exd5 17. Qc5 Qb7 18. Qd4 Rfe8 19. Bd2 Bf5 20. Bc3 {[%csl Gc3][%cal Rd4g7] [#]} f6 21. Kf2 Re6 22. Rad1 Rae8 23. Rhe1 Qf7 (23... Rd6 $14) 24. Qf4 (24. Qc5 $16) 24... Bc2 (24... Qh5 $2 25. g4 $18) 25. Rc1 (25. Rxd5 $14 Rxe2+ 26. Rxe2 Rxe2+ 27. Kxe2 Qxd5 28. Qb8+ Kf7 29. Qxa7+ Kg6 30. Kf2) 25... Bg6 26. Bd4 Qe7 {[%cal Re6e2]} 27. Qd2 Ra6 28. Ra1 Qd7 29. Qf4 Bf7 30. g4 Rae6 31. h4 Qa4 32. e3 a6 33. Re2 Bg6 34. Kg1 {[%cal Bf2g1,Bg1h2,Bh2g3][%mdl 32]} Bd3 35. Rg2 Qd7 36. Rc1 Qe7 (36... Rf8 $11) 37. Re1 (37. g5 $14 f5 38. Rd2) 37... Qb4 38. Qg3 (38. Rd1 {keeps more tension.} h6 39. g5 fxg5 40. hxg5 h5 41. g6) 38... Qe7 39. Kh2 a5 40. Qf4 a4 41. g5 {[%cal Bg4g5,Bg5g6][%mdl 32]} f5 42. h5 Qd6 43. Kg3 (43. Qxd6 {is interesting.} Rxd6 44. Kg3 Ra6 45. Kf4 Re7 46. Rd1) 43... Qxf4+ (43... Qb4 $11 44. Rd1 Qe7) 44. Kxf4 $16 Rb8 (44... R8e7 $142) 45. g6 h6 (45... hxg6 $16 {might work better.} 46. Reg1 (46. Rxg6 Rxg6 47. hxg6 Rc8 $16) (46. hxg6 Ra8 $14) 46... Rb7 47. Rxg6 Rxg6 48. Rxg6 Kh7) 46. Rc1 Ra6 47. Rc3 Bb1 48. Ra3 Rb7 (48... Raa8 {keeps fighting.} 49. Rd2 Rb5) 49. Rd2 $18 Rc7 50. Be5 Rd7 51. Rd1 Bd3 52. Raxd3 cxd3 53. Rxd3 {KRR-KRB} Rc6 54. Ra3 ({Resist} 54. Kxf5 $6 Rc4 $16) 54... Rc1 $2 (54... Ra7 55. Kxf5 Ra8) 55. Bd4 {White is clearly winning.} Rh1 (55... Rc4 $142 56. b3 (56. Kxf5 Rd8 $18) 56... Rb4 57. bxa4 Rd6) 56. Rxa4 {[#] White wants to mate with Ra8+.} Kf8 57. Ra8+ Ke7 58. Bc5+ {Precision: White = 58%, Black = 23%.} 1-0

[Event "1st Longtou Cup Belt and Road"]
[Site "Qinhuangdao"]
[Date "2018.06.02"]
[Round "7"]
[White "Xu, Minghui"]
[Black "Liu, Guanchu"]
[Result "1/2-1/2"]
[WhiteElo "2317"]
[BlackElo "2459"]
[Annotator "TA"]
[PlyCount "64"]
[EventDate "2018.??.??"]
[EventCountry "CHN"]
[SourceTitle "playchess.com"]
[Source "ChessBase"]
[SourceQuality "1"]

{[%evp 41,64,0,0,0,0,0,0,0,0,0,0,0,0,0,0,0,0,0,0,0,0,0,0,0,0]} 1. d4 Nf6 2. c4 e6 3. Nf3 b6 4. g3 Ba6 5. b3 Bb4+ 6. Bd2 Be7 7. Bg2 c6 8. Bc3 d5 9. Ne5 Nfd7 10. Nxd7 Nxd7 11. Nd2 O-O 12. O-O Rc8 13. e4 c5 14. exd5 exd5 15. dxc5 dxc4 16. c6 cxb3 17. Re1 {E15: Queen's Indian: 4 g3 sidelines, 4 g3 Ba6 and 4 g3 Bb7 early deviations} Bb5 18. Nxb3 {[%cal Bd2b3,Bb3d4,Bd4f5][%mdl 32]} Bxc6 19. Bxg7 Kxg7 20. Nd4 Bxg2 21. Nf5+ Kh8 {LiveBook: 7 Games. The position is equal.} 22. Rxe7 Bh3 $1 {[%cal Rh3f5]} 23. Qd4+ (23. Rxd7 $2 Qf6 $19) 23... Ne5 $1 24. Qxe5+ f6 {[#]} 25. Qe2 $146 {[%mdl 128] Intending Rxh7+! and mate. White attacks.} Bxf5 26. Rd1 {[#]} Bg4 $1 {[%cal Rg4e2][%mdl 512] [#]} 27. Rxh7+ $1 {[%mdl 512]} (27. Qxg4 Qxe7) 27... Kxh7 28. Qxg4 {Strongly threatening Rd7+.} Qe8 $1 {Threatens to win with ...Rd8.} ({Much weaker is} 28... Qe7 $6 29. Rd7 $16) 29. Rd7+ Rf7 $1 ({And not} 29... Kh6 30. Qg7+ (30. Qh4+ Qh5 $18) 30... Kh5 31. Qh7+ Kg4 32. h3+ Kf3 33. Qd3+ Qe3 34. Qxe3#) 30. Qh5+ Kg7 31. Rxf7+ Qxf7 32. Qg4+ Kh7 1/2-1/2

[Event "1st Longtou Cup Belt and Road"]
[Site "Qinhuangdao"]
[Date "2018.06.02"]
[Round "7"]
[White "Zhang, Fuhan"]
[Black "Dai, Changren"]
[Result "1/2-1/2"]
[WhiteElo "2195"]
[BlackElo "2436"]
[Annotator "TA"]
[PlyCount "121"]
[EventDate "2018.??.??"]
[EventCountry "CHN"]
[SourceTitle "playchess.com"]
[Source "ChessBase"]
[SourceQuality "1"]

{[%evp 23,121,0,0,-22,0,-34,-20,-38,17,16,22,18,49,47,61,27,33,25,32,18,18,6,8,3,3,2,3,5,12,0,0,0,0,0,0,0,0,0,2,0,4,0,11,0,10,0,0,0,0,0,0,0,0,0,0,0,0,0,0,0,0,0,0,0,0,0,0,0,0,0,0,0,0,0,0,0,0,0,0,0,0,0,0,0,0,0,0,0,0,0,0,0,0,0,0,0,0,0,0,0]} 1. Nf3 Nf6 2. c4 e6 3. d4 d5 4. g3 Bb4+ 5. Bd2 Be7 6. Bg2 O-O 7. O-O Nbd7 8. Qc2 c6 9. Rc1 {E11: Damenindisch (Bogoljubow-Variante)} Ne4 (9... b6 10. a4 Ne4 11. Be1 a5 12. Nbd2 Nxd2 13. Nxd2 Bf6 14. cxd5 cxd5 15. e4 Bxd4 16. Nb3 Bf6 17. exd5 exd5 18. Bxd5 {½-½ (28) Grischuk,A (2767)-Karjakin,S (2763) Berlin 2018}) 10. Be1 f5 11. a4 a5 12. Nc3 Bd6 {LiveBook: 4 Partien} 13. Nd2 Ndf6 $146 ({Vorgänger:} 13... Nxc3 14. bxc3 b6 15. cxd5 cxd5 16. c4 Nf6 17. cxd5 exd5 {½-½ (28) Deac,B (2584)-David,A (2379) Calimanesti Caciulata 2017}) 14. Qd3 b6 15. cxd5 cxd5 ({Besser ist} 15... Nxd2 $15 16. Bxd2 exd5) 16. Nb5 $11 Bb4 17. Nf3 Bxe1 18. Nxe1 Bd7 19. f3 Bxb5 20. Qxb5 Nd6 21. Qd3 Qd7 {Die Stellung ist ausgeglichen.} 22. Qd1 Rfc8 23. Nd3 Rxc1 24. Rxc1 Rc8 25. b3 Rc7 26. e3 Qc8 27. Bf1 Rxc1 28. Qxc1 Qxc1 29. Nxc1 {[%mdl 4096] Endspiel KLS-KSS} Kf7 30. Nd3 Nd7 31. Kf2 Ke7 32. Ke1 Nc8 33. Ne5 Na7 34. Nxd7 Kxd7 {KL-KS} 35. Bb5+ Kd6 36. Kf2 Nc8 37. Kg2 Ne7 38. Kf2 Ng6 39. Be8 Nf8 40. Bb5 e5 41. f4 exf4 42. exf4 Ne6 43. Ke3 Nd8 44. Kf3 Nf7 45. Ke3 Nh6 46. h3 Ng8 47. Bd3 Ke6 48. Ba6 Ne7 49. Bb5 Nc8 50. Bd3 Nd6 51. g4 {[%cal Bg3g4,Bg4g5][%mdl 32]} Kf6 52. g5+ Kg6 53. Be2 Kf7 54. h4 Ke6 55. Bb5 Nc8 56. Kf3 Ne7 57. Be8 Nc8 58. Bb5 Nd6 59. Ke3 Ne4 60. Ba6 {[#] Droht stark Lc8+.} Nd6 61. Bb5 {Precision: Weiß = 56%, Schwarz = 76%.} 1/2-1/2

[Event "1st Longtou Cup Belt and Road"]
[Site "Qinhuangdao"]
[Date "2018.06.02"]
[Round "7"]
[White "Zhang, Lanlin"]
[Black "Chen, Qi b"]
[Result "0-1"]
[WhiteElo "2177"]
[BlackElo "2432"]
[Annotator "TA"]
[PlyCount "90"]
[EventDate "2018.??.??"]
[EventCountry "CHN"]
[SourceTitle "playchess.com"]
[Source "ChessBase"]
[SourceQuality "1"]

{[%evp 23,90,-15,0,-5,12,-46,-20,-10,-29,-38,-41,-107,-107,-101,-107,-101,-86,-88,-91,-110,-100,-133,-92,-112,-113,-121,-107,-118,-115,-155,-155,-145,-153,-141,-138,-238,-242,-227,-226,-218,-210,-230,-214,-209,-196,-357,-379,-366,-368,-420,-424,-476,-477,-554,-552,-552,-528,-539,-478,-677,-523,-585,-579,-797,-669,-801,-784,-29985,-29986]} 1. e4 c5 2. Nc3 d6 3. g3 g6 4. Bg2 Bg7 5. Nge2 Nc6 6. d3 Nf6 7. O-O O-O 8. h3 Rb8 9. Be3 b5 10. Qd2 b4 11. Nd1 a5 12. f4 {[%cal Bf2f4,Bf4f5][%mdl 32] B26: Closed Sicilian: 3 g3, lines with early Be3} Nd7 {[%cal Bf6d7,Bd7b6,Bb6c4][%mdl 32] LiveBook: 6 Games} 13. f5 (13. h4 Ba6 14. h5 gxh5 15. Rb1 Kh8 16. Nf2 Rg8 17. Nh3 Nd4 18. Ng5 Qf8 19. e5 h6 {0-1 (43) Ghaem Maghami,E (2579)-Najer,E (2681) Germany 2009}) 13... Ba6 14. g4 {[#]} ({White should try} 14. a3 $11) 14... c4 $146 ({Predecessor:} 14... Nde5 15. Bh6 Nd4 16. Bxg7 Kxg7 17. Nf4 a4 18. Ne3 a3 19. bxa3 bxa3 20. Qc3 g5 21. Nh5+ Kh8 22. Qxa3 Ra8 23. Qb2 Rb8 {½-½ (23) Kosten,A (2515)-Georgiev,V (2519) Toulon 1999}) 15. d4 c3 16. bxc3 Nb6 17. e5 (17. Bf2 $15) 17... bxc3 $17 18. Ndxc3 Nc4 $36 {[%mdl 2048] Black is on the roll.} 19. Qc1 {[#] And now f6 would win.} dxe5 20. dxe5 N6xe5 21. Rd1 Qc8 {White must now prevent ...Bb7.} 22. Bh6 Qc5+ 23. Kh1 Bb7 24. Bxb7 Rxb7 25. Bxg7 Kxg7 26. Qf4 Qe3 27. Qxe3 Nxe3 28. Rab1 Rfb8 29. Rdc1 (29. Rxb7 $17 Rxb7 30. Rg1) 29... Rxb1 $19 30. Rxb1 Rxb1+ 31. Nxb1 gxf5 32. gxf5 Nxc2 {[%mdl 4096] Endgame KNN-KNN} 33. Nbc3 Nc6 34. a4 $2 {[#]} (34. Ne4) 34... Kf6 35. Ng3 Ke5 36. Nce4 f6 37. Nf2 Ne3 38. Nd3+ Kd4 39. Nf4 Kc4 40. Ne6 Nd4 41. Ng7 (41. Nxd4 $142 Kxd4 42. Kg1) 41... Kd5 42. h4 Ke5 43. h5 Nexf5 44. N3xf5 Nxf5 45. Nxf5 Kxf5 {Precision: White = 42%, Black = 79%.} 0-1

[Event "1st Longtou Cup Belt and Road"]
[Site "Qinhuangdao"]
[Date "2018.06.03"]
[Round "8"]
[White "Gordievsky, Dmitry"]
[Black "Xu, Yinglun"]
[Result "1/2-1/2"]
[WhiteElo "2653"]
[BlackElo "2539"]
[Annotator "TA"]
[PlyCount "63"]
[EventDate "2018.??.??"]
[EventCountry "CHN"]
[SourceTitle "playchess.com"]
[Source "ChessBase"]
[SourceQuality "1"]

{[%evp 18,63,0,0,3,0,26,0,0,0,8,0,0,-16,-12,-6,-17,-13,-12,-47,-39,-37,-26,-22,-8,-52,-39,-39,9,0,0,0,0,0,0,0,0,0,0,0,0,0,0,0,0,0,0,0]} 1. Nf3 Nf6 2. g3 d5 3. Bg2 Bf5 4. c4 e6 5. O-O c6 6. d3 dxc4 7. dxc4 Qxd1 8. Rxd1 Nbd7 9. Nc3 Bc2 {A11: English Opening: 1...c6} 10. Re1 {LiveBook: 3 Games} (10. Rd2 Bg6 11. b3 O-O-O 12. Bb2 Be7 13. Rad1 h6 14. Na4 Bb4 15. Bc3 Bxc3 16. Nxc3 Rhe8 17. b4 {1-0 (75) Fridman,D (2624)-Tregubov,P (2582) Tallinn 2016}) 10... Bb4 11. Bd2 h6 $146 ({Predecessor:} 11... Bg6 12. Rac1 O-O 13. Red1 Rfd8 14. Na4 Bf8 15. Ba5 b6 16. Bd2 Rac8 17. Nc3 {½-½ (26) Devine,G (2141)-Ali,A ICCF email 2016}) 12. Rac1 Bh7 13. Red1 Be7 14. h3 g5 15. Be3 g4 16. Nd2 gxh3 17. Bxh3 h5 18. Bg5 Rg8 19. Bh4 Rd8 20. Nf3 Ne4 21. Bg2 Nxc3 22. Rxc3 Be4 23. Kf1 {The position is equal.} Bxf3 24. Bxf3 Bxh4 25. gxh4 Ne5 {[%cal Rd8d1] [#]} 26. Rxd8+ Kxd8 $11 {[%mdl 4096] Endgame KRB-KRN} 27. c5 Kc7 (27... a5 {with more complications.} 28. e4 Nxf3 29. Rxf3 Rg4 30. Rxf7 Rxe4 31. Rxb7 Rxh4 32. Rh7 Rh1+) 28. Bxh5 Rh8 29. f4 Rxh5 30. fxe5 Rxh4 31. Rf3 Re4 32. Rxf7+ {Precision: White = 58%, Black = 76%.} 1/2-1/2